Catecismo escolar 5

Gespeichert in:
Bibliographische Detailangaben
Körperschaft: Conferencia Episcopal Española. Comisión Episcopal de Enseñanza y Catequesis
Format: Buch
Sprache:Spanisch
Erschienen: Madrid : Secretariado Nacional de Catequesis, 1975
Ausgabe:4ª ed.
Katalog:MANES:  Suchergebnis im Bibliothekskatalog
Schulbuchspezifische Eigenschaften:
Schlagworte:
Tags: Tag hinzufügen
Keine Tags, Fügen Sie den ersten Tag hinzu!
Hinzugefügt zu:05.03.2001
Geändert in:07.05.2025

MARC

LEADER 00000cam a2200000 i 4500
005 20250507134430.0
008 010306r1975uuuuespao fp 000 0 spa d
020 |a 8485169069 
040 |a uned  |b spa  |c entro-manes 
110 2 |a Conferencia Episcopal Española.   |b Comisión Episcopal de Enseñanza y Catequesis  |9 36265 
245 1 0 |a Catecismo escolar 5 /   |c [Textos propiedad del Secretariado Nacional de Catequesis, de la Comsión Episcopal de Enseñanza ; dibujos, F. García Abuja] 
250 |a 4ª ed. 
260 |a Madrid :   |b Secretariado Nacional de Catequesis,   |c 1975 
300 |a 111 p. :   |b il. 
546 |a España 
561 |5 es-BUNED  |3 L.T.M. 0611  |a España. Fondo Manes UNED  |k MANES 
690 0 |a RyM 
650 7 |a Enseñanza religiosa 
691 0 |a PRI 
942 |2 ddc  |c BK 
999 |c 94366  |d 94366 
999 |c manes:94366  |d 94366